000 01078nam a2200241 i 4500
001 22132
003 ES-MaACL
005 20250420122713.0
007 t|
008 021217s1982 sp |||| | spa d
080 _a061.21(460.27) Ateneo
110 2 _aAteneo de Madrid.
_91875
245 1 0 _aMemoria que la Junta Gestora del Ateneo de Madrid presenta a la ministra de Cultura y a la Asamblea General de socios como informe de su actuación transitoria para la reinstauración de una Junta democrática :
_bbalance y cuentas al 21 de diciembre de 1981.
260 _aMadrid :
_b[s.n.],
_c1982 (
_fCedesa)
300 _a26 p. ;
_c24 cm.
610 2 4 _aAteneo de Madrid-
_vMemorias de Secretaría.
_91929
610 2 4 _aAteneo de Madrid-
_vObras digitalizadas.
_91930
852 4 _aES-MaACL
_j2126-F-11
_cDEPOF
_zRevisado enlace: 20 de Abril de 2025
852 4 _aES-MaACL
_j2126-F-10
_cDEPOF
_zRevisado enlace: 20 de Abril de 2025
856 4 _uhttp://www.ateneodemadrid.net/biblioteca_digital/folletos/Memoria-1981.pdf
_yVer documento
942 _2udc
999 _c22132
_d22132